[Event "TUR-chT 2nd League"]
[Site "Konya"]
[Date "2018.07.21"]
[Round "8.14"]
[White "Ugur, Cem"]
[Black "Ediz, Ozan"]
[Result "1-0"]
[WhiteElo "1589"]
[BlackElo "1396"]
[PlyCount "77"]
[EventDate "2018.07.16"]
[EventType "team-swiss"]
[EventRounds "9"]
[EventCountry "TUR"]
[SourceTitle "EXT 2019"]
[Source "ChessBase"]
[SourceDate "2018.10.10"]
[SourceVersion "1"]
[SourceVersionDate "2018.10.10"]
[SourceQuality "1"]
[WhiteTeam "Cesme Belediye"]
[BlackTeam "Genc Efe Izcilik"]
[WhiteTeamCountry "TUR"]
[BlackTeamCountry "TUR"]

1. e4 d5 2. exd5 Qxd5 3. Nc3 Qa5 4. d4 Nf6 5. Bc4 c6 6. Nf3 Bf5 7. Ne5 e6 8. g4 Bg6 9. h4 Nbd7 10. Nxd7 Nxd7 11. h5 Be4 12. Rh3 Bb4 13. Bd2 Bd5 14. Bd3 0-0-0 15. a3 Bxc3 16. bxc3 Qc7 17. c4 Bg2 18. Rg3 e5 19. Rxg2 exd4 20. Qf3 Qe5+ 21. Kf1 g6 22. Re1 Qd6 23. Bb4 c5 24. Ba5 Rdf8 25. Rb1 b6 26. Bd2 Ne5 27. Qa8+ Qb8 28. Qxb8+ Kxb8 29. Bf4 Re8 30. Re1 f6 31. hxg6 hxg6 32. Bxe5+ fxe5 33. Bxg6 Reg8 34. Bf5 Re8 35. g5 Rh5 36. Bg6 Rh1+ 37. Ke2 Rxe1+ 38. Kxe1 Re7 39. Be4 1-0